The great transformation : (Registro nro. 18995)
[ vista simple ]
| 000 -CABECERA | |
|---|---|
| Campo de control | 00863nam a2200229 a 4500 |
| 005 - FECHA Y HORA DE LA ULTIMA TRANSACCION | |
| Campo de control | 20160907093612.0 |
| 008 - ELEMENTOS DE LONGITUD FIJA—INFORMACION GENERAL | |
| Campo de control | 160907t2013 gw a||||r|||| 00| 0 spa d |
| 020 ## - ISBN | |
| ISBN | 9783936191417 |
| 040 ## - FUENTE DE CATALOGACIÓN | |
| Agencia catalogadora original | CO-BoIAVH |
| Agencia transcriptora | CO-BoIAVH |
| 041 1# - IDIOMA | |
| Código de idioma para texto/pista de sonido o título separado | Inglés |
| Código de idioma de la versión original y/o traducciones intermedias del texto | Alemán |
| 044 ## - PAÍS DE PUBLICACIÓN | |
| País de publicación | Alemania |
| 082 04 - NUMERO DE CLASIFICACION DECIMAL DEWEY | |
| Número de clasificación | 304.25 |
| Número del ítem | G78t |
| 245 04 - MENCION DE TITULO | |
| Título | The great transformation : |
| Parte restante del título | Climate - Can we beat the heat / |
| 260 ## - PUBLICACION, DISTRIBUCION, ETC. (PIE DE IMPRENTA) | |
| Lugar de publicación, distribución, etc. | Berlin, Alemania : |
| Nombre del editor, distribuidor, etc. | WBGU, |
| Fecha de publicación, distribución, etc. | 2011. |
| 300 ## - DESCRIPCION FISICA | |
| Extensión | 138 páginas : |
| Otros detalles físicos | ilustraciones ; |
| Dimensiones | 24 x 17 cm. |
| 504 ## - NOTA DE BIBLIOGRAFIA, ETC. | |
| Nota de bibliografía | Incluye referencias bibliográficas. |
| 650 26 - ASIENTO SECUNDARIO DE MATERIA - TERMINO TEMATICO | |
| Término temático o nombre geográfico como elemento de entrada | Cambio climático |
| Subdivisión de forma | Tiras cómicas, historietas, etc. |
| 9 (RLIN) | 75895 |
| 650 26 - ASIENTO SECUNDARIO DE MATERIA - TERMINO TEMATICO | |
| Término temático o nombre geográfico como elemento de entrada | Mitigación del cambio climático |
| Subdivisión de forma | Tiras cómicas, historietas, etc. |
| 9 (RLIN) | 75896 |
| 650 26 - ASIENTO SECUNDARIO DE MATERIA - TERMINO TEMATICO | |
| Término temático o nombre geográfico como elemento de entrada | Energía renovable |
| Subdivisión de forma | Tiras cómicas, historietas, etc. |
| 9 (RLIN) | 75897 |
| 650 26 - ASIENTO SECUNDARIO DE MATERIA - TERMINO TEMATICO | |
| Término temático o nombre geográfico como elemento de entrada | Polución |
| Subdivisión de forma | Tiras cómicas, historietas, etc. |
| 9 (RLIN) | 75898 |
| 942 ## - ELEMENTOS ADICIONALES (KOHA) | |
| Sistema de clasificación | Dewey Decimal Classification |
| Tipo de ítem | Libro |
| Withdrawn status | Lost status | Sistema de Clasificación | Damaged status | No para préstamo | Colección | Inventariado | Ubicación Permanente | Ubicación actual | Fecha de adquisición | Fuente de Valor | Valor | Total Checkouts | Número topográfico | Inventario / Código de Barras | Date last seen | Ejemplar | Price effective from | Forma de adquisición | Tipo de material |
|---|---|---|---|---|---|---|---|---|---|---|---|---|---|---|---|---|---|---|---|
| Dewey Decimal Classification | General | Inventariado 2017 | Bogotá | Bogotá | 07/09/2016 | Instituto | 39000.00 | LB-304.25 G78t | 040649 | 07/09/2016 | Ej. 1 | 07/09/2016 | Donación | Libro |